Регионална библиотека "Любен Каравелов" - Русе

Фотография без сребро (Запис номер 149094)

MARC детайли
000 -Лидер
Контролно поле с фиксирана дължина 01501nam a2200349 c 4500
003 - Код на организацията, давaща контролен номер
Контролно поле BLK
005 - Дата и час на последна редакция
Контролно поле 20180420233742.0
008 - Елементи от данни с фиксирана дължина
fixed length control field 180410b bul|||||r ||||||| ||bul||
010 ## - Наследен системен номер
LC control number KNG00155337000
040 ## - Източник на каталожния запис
Идентификатор на билиотеката - собственик на записа BLK
041 ## - Код за език
Код за езика на текст/звукозапис или на отделно заглавие Български
Код за езика КДБФ Български
080 ## - УДК
Текстов определител УДК Фотографски процеси с използуване на неорганични вещества или физически явления
УДК код - определител по УДК 772
УДК определител (035)
УДК - код + определител 772(035)
080 ## - УДК
Текстов определител УДК Фотографски процеси с използване на органични вещества
УДК код - определител по УДК 773
УДК определител (035)
УДК - код + определител 773(035)
100 1# - Редна дума - Автор
Автор Симеонов, Васил Драгомиров
Авторска отговорност първи автор
R(LIN) 322294
139 ## - Редно поле
Редна дума Симеонов, Васил Драгомиров
Авторски знак Сим - С 37
245 10 - Сведения за заглавието
Заглавие Фотография без сребро
Редно поле (дума) Васил Драгомиров Симеонов.
257 ## - Страна на издаване
Страна на създаване/издаване България
260 ## - Област на издателските данни
-- София
Име на издателя, разпространителя и проч. Техника
Година на издаване 1986
Печатница Враца : В. Александров
300 ## - Физическа характеристика
Страници 96 с.
Илюстрации и др. със сх., табл.
Размери/Мащаб 20 см
380 ## - Жанр
Жанр Изкуство
500 ## - Общи забележки
Забележка 4 107 тир.
650 #4 - Допълнително описание по предмет – тема
Основно описание – тема или топоним Фотография - процеси
9 (RLIN) 330313
653 ## - Ключова дума – ненормативна
Ключова дума фотография
653 ## - Ключова дума – ненормативна
Ключова дума процеси
653 ## - Ключова дума – ненормативна
Ключова дума ръководства
653 ## - Ключова дума – ненормативна
Ключова дума сребро
852 ## - Местоположение
Форматна сигнатура Цб 144765
856 4# - Електронен адрес и достъп
Електронен формат pdf - файл
Път до файла /url/
856 4# - Електронен адрес и достъп
Електронен формат pdf - файл
Път до файла /url/
942 ## - АРТИКУЛИ
Вид на библиотечния материал Книги
Скрит в OPAC Не
944 ## - СЪЗДАВАНЕ И РЕДАКЦИЯ на ЗАПИСА
Създаване/Редакция Създаване
Дата на регистрацията/редакция 07.01.2014
Статус, дата на статуса 07.01.2014 - от С1,Р / 07.01.2014
Служител, извършил регистрацията/редакцията Камелия_Данева
944 ## - СЪЗДАВАНЕ И РЕДАКЦИЯ на ЗАПИСА
Създаване/Редакция Редакция
Дата на регистрацията/редакция 27.07.2015
Статус, дата на статуса 07.01.2014 - от С1,Р / 07.01.2014
Служител, извършил регистрацията/редакцията Ирена_Линкова
999 ## - СИСТЕМНИ КОНТРОЛНИ НОМЕРА
Koha biblionumber 149094
Koha biblioitemnumber 149094
Наличности
Код за отписване Код за изгубен артикул Източник на класификационната схема Код за повреда Коз за рестрикции Код за отдаване Артикулен № Име на библиотеката - собственик Име на библиотеката, в която се намира в момента Статус (Текущо местоположение) Дата на вписване в системата Местоположение - отдел Цена в лева Инвентарен номер Систематично азбучна сигнатура Баркод Номер на екземпляра Цена в евро Служебна бележка Служебен тип на артикула
  Не е изгубен Universal Decimal Classification Не е повреден само за читалня ползва се в читалня 248698 Регионална библиотека "Любен Каравелов" Русе Регионална библиотека "Любен Каравелов" Русе Хранилище 1986-01-01 Хранилище 1.00 457934 Цб 144765 120000457934 1 0.51 Дост: Dp Вид: Д N: стар фонд Дата: 01.01.1986 Книги
  Не е изгубен Universal Decimal Classification Не е повреден без рестрикции заемане за дома 248699 Регионална библиотека "Любен Каравелов" Русе Регионална библиотека "Любен Каравелов" Русе Отдел Изкуство - подръчен фонд 1986-01-01 Отдел Изкуство - подръчен фонд 1.00 503155 77/С 37 120000503155 2 0.51 Дост: Pk Вид: Ф N: стар фонд Дата: 01.01.1986 Дата инв: 31.01.2018 Бележки инв: ИП2015 Книги
Vip Innovations Ltd, Rousse, Bulgaria 2025